Music Quiz

Random Music or Song Quiz

Led Zeppelin Songs by Any Word Quiz Stats

 Plays Quiz Updated May 24, 2019

Score 0/73 Timer 08:00
3 Plays Today
Hint Answer % Correct
Led Zeppelin IIThe Lemon Song
94.4%
Houses of the HolyThe Rain Song
94.1%
In Through the Out DoorFool in the Rain
93.9%
Houses of the HolyOver the Hills and Far Away
93.8%
Physical GraffitiHouses of the Holy
93.7%
Led ZeppelinI Can't Quit You Baby
93.6%
Physical GraffitiThe Wanton Song
93.5%
Houses of the HolyThe Song Remains the Same
93.5%
Led Zeppelin IVWhen the Levee Breaks
93.4%
Led Zeppelin IILiving Loving Maid (She's Just a Woman)
93.2%
Led Zeppelin IVStairway to Heaven
92.9%
Physical GraffitiIn the Light
92.7%
In Through the Out DoorIn the Evening
92.7%
Led Zeppelin IVThe Battle of Evermore
92.6%
Led Zeppelin IIIOut on the Tiles
92.3%
Physical GraffitiDown by the Seaside
91.1%
Houses of the HolyThe Ocean
91%
Led Zeppelin IIIThat's the Way
90.3%
Physical GraffitiThe Rover
90.3%
Houses of the HolyThe Crunge
90.2%
Led Zeppelin IVGoing to California
86.2%
Physical GraffitiIn My Time of Dying
85.9%
Led Zeppelin IIWhat Is and What Should Never Be
85.9%
Led ZeppelinBabe I'm Gonna Leave You
85%
Led Zeppelin IIIBron-Y-Aur Stomp
83.6%
Led Zeppelin IIIHats Off to (Roy) Harper
83.2%
In Through the Out DoorAll My Love
82.9%
Led Zeppelin IVRock and Roll
82%
Led Zeppelin IIISince I've Been Loving You
80.7%
Led ZeppelinYou Shook Me
80.1%
Led Zeppelin IIWhole Lotta Love
79.9%
Led Zeppelin IIThank You
78.6%
Led ZeppelinDazed and Confused
76.3%
Led Zeppelin IIBring It On Home
75.1%
Led Zeppelin IVBlack Dog
74.4%
PresenceHots On for Nowhere
74.2%
Led ZeppelinYour Time Is Gonna Come
74%
Hint Answer % Correct
Led Zeppelin IIIImmigrant Song
73.9%
Led Zeppelin IIRamble On
70.7%
Physical GraffitiBlack Country Woman
70.1%
Led ZeppelinBlack Mountain Side
66.4%
PresenceFor Your Life
64%
PresenceTea for One
58.3%
Houses of the HolyNo Quarter
51.9%
Physical GraffitiKashmir
51.1%
In Through the Out DoorHot Dog
48.9%
In Through the Out DoorI'm Gonna Crawl
47.7%
PresenceCandy Store Rock
46.9%
Led ZeppelinHow Many More Times
43.4%
Led ZeppelinGood Times Bad Times
41.3%
Led Zeppelin IVMisty Mountain Hop
41.2%
Houses of the HolyD'yer Mak'er
36.4%
PresenceNobody's Fault but Mine
35.5%
Led Zeppelin IIICelebration Day
34.6%
Led ZeppelinCommunication Breakdown
29.3%
Led Zeppelin IVFour Sticks
29.2%
Physical GraffitiTen Years Gone
27.2%
Physical GraffitiBoogie with Stu
27%
Physical GraffitiTrampled Under Foot
26.9%
Led Zeppelin IIHeartbreaker
26.2%
PresenceAchilles Last Stand
26.2%
Physical GraffitiNight Flight
25.6%
Led Zeppelin IIMoby Dick
25.4%
Led Zeppelin IIITangerine
23.2%
Houses of the HolyDancing Days
22.4%
Led Zeppelin IIIGallows Pole
21.7%
Physical GraffitiBron-Yr-Aur
19.6%
Physical GraffitiCustard Pie
18.1%
Led Zeppelin IIIFriends
16.2%
In Through the Out DoorCarouselambra
14.7%
Physical GraffitiSick Again
12.6%
In Through the Out DoorSouth Bound Saurez
11%
PresenceRoyal Orleans
8.8%

You're not logged in!

Compare scores with friends on all Sporcle quizzes.
OR
Log In

Sporcle TV

Today on Sporcle TV


Watch our educational content, quiz creation guides, and fun videos on Sporcle TV.

Show Comments

Extras

Top Quizzes Today


Score Distribution

Your Account Isn't Verified!

In order to create a playlist on Sporcle, you need to verify the email address you used during registration. Go to your Sporcle Settings to finish the process.

Report this User

Report this user for behavior that violates our Community Guidelines.

Details: